[Event "GER-chT U14 Girls"]
[Site "Burg Stargard"]
[Date "2006.12.27"]
[Round "2.3"]
[White "Jentsch, Jasmin"]
[Black "Bulich, Lisa"]
[Result "1-0"]
[WhiteElo "774"]
[BlackElo "879"]
[PlyCount "77"]
[EventDate "2006.12.27"]
[EventType "team-swiss"]
[EventRounds "7"]
[EventCountry "GER"]
[SourceTitle "EXT 2008"]
[Source "ChessBase"]
[SourceDate "2007.11.25"]
[SourceVersion "1"]
[SourceVersionDate "2007.11.25"]
[SourceQuality "1"]
[WhiteTeam "Fritzdorf Gruen Weiss U14 Girls"]
[BlackTeam "Erftstadt SV U14 Girls"]
[WhiteTeamCountry "GER"]
[BlackTeamCountry "GER"]

1. e4 e5 2. Bc4 Nf6 3. Nc3 Nc6 4. Nf3 Bb4 5. d3 d6 6. Bd2 0-0 7. Bd5 Bc5 8. Bxc6 bxc6 9. Bg5 h6 10. d4 exd4 11. Bxf6 Qxf6 12. Ne2 Bg4 13. Qd3 Rab8 14. 0-0-0 Rb5 15. Nexd4 Bxd4 16. Qxd4 Qxd4 17. Nxd4 Bxd1 18. Nxb5 cxb5 19. Kxd1 c5 20. Kd2 Rd8 21. Re1 d5 22. exd5 Rxd5+ 23. Kc3 b4+ 24. Kc4 Rf5 25. Re2 f6 26. a3 bxa3 27. bxa3 Kf7 28. Kb5 g5 29. Ka6 c4 30. Kxa7 Ra5+ 31. Kb6 Rxa3 32. Kc5 Rc3 33. Kb4 Rxc2 34. Rxc2 f5 35. Rxc4 Kf6 36. h4 gxh4 37. Rxh4 Kg5 38. g3 f4 39. Rxf4 1-0